[Event "Calvia op Seniors"]
[Site "Calvia"]
[Date "2005.10.24"]
[Round "5"]
[White "Macher, Claus"]
[Black "Campos Calvo, Sotelo Javier"]
[Result "0-1"]
[WhiteElo "2130"]
[BlackElo "2117"]
[PlyCount "96"]
[EventDate "2005.10.21"]
[EventType "swiss"]
[EventRounds "9"]
[EventCountry "ESP"]
[SourceTitle "EXT 2006"]
[Source "ChessBase"]
[SourceDate "2005.11.24"]
[SourceVersion "1"]
[SourceVersionDate "2005.11.24"]
[SourceQuality "1"]

1. d4 b5 2. e4 a6 3. Bd3 e6 4. Nf3 c5 5. c3 Bb7 6. Qe2 Nf6 7. Bg5 h6 8. Bh4 g5 9. Bg3 cxd4 10. Nxd4 Nc6 11. 0-0 Qb6 12. Nb3 h5 13. h4 gxh4 14. Bxh4 Ng4 15. N1d2 Be7 16. Nf3 Nce5 17. Bxe7 Kxe7 18. Nxe5 Nxe5 19. Nd4 Nxd3 20. Qxd3 Rag8 21. Rad1 Rg4 22. f3 Rg6 23. Rf2 Rhg8 24. Kf1 Rg5 25. Qe3 Qc7 26. f4 Rg3 27. Nf3 Qc4+ 28. Kg1 Qxe4 29. Qc5+ Ke8 30. Qxh5 Rxf3 31. Rxd7 Kxd7 32. Qxf7+ Kd6 33. Qxg8 Rxf2 34. Qd8+ Kc6 35. Kxf2 Qxf4+ 36. Kg1 Qd6 37. Qe8+ Kb6 38. Qg6 Qd5 39. b3 Qf5 40. Qe8 Qg4 41. Qd8+ Ka7 42. Qd2 a5 43. c4 b4 44. Qf2+ Ka6 45. Qd2 Qg3 46. Qe2 e5 47. c5+ Ka7 48. Kf1 Ba6 0-1

[Event "Calvia op Seniors"]
[Site "Calvia"]
[Date "2005.10.21"]
[Round "1"]
[White "Zoltek, Tadeusz"]
[Black "Campos Calvo, Sotelo Javier"]
[Result "1-0"]
[WhiteElo "2271"]
[BlackElo "2117"]
[PlyCount "69"]
[EventDate "2005.10.21"]
[EventType "swiss"]
[EventRounds "9"]
[EventCountry "ESP"]
[SourceTitle "EXT 2006"]
[Source "ChessBase"]
[SourceDate "2005.11.24"]
[SourceVersion "1"]
[SourceVersionDate "2005.11.24"]
[SourceQuality "1"]

1. c4 b6 2. Nc3 e6 3. Nf3 Bb7 4. e4 c5 5. Be2 Nc6 6. 0-0 Nf6 7. d3 Be7 8. Bf4 Nh5 9. Be3 g5 10. Nxg5 Bxg5 11. Bxh5 Rg8 12. Nb5 Be7 13. Bf4 d6 14. Qf3 a6 15. Nxd6+ Bxd6 16. Bxd6 Qd7 17. Qf6 Nd4 18. Be5 Rc8 19. Bxd4 cxd4 20. f4 Rc5 21. Bf3 a5 22. b3 h5 23. a3 h4 24. b4 Rc7 25. Qxh4 Qc8 26. Qf6 Rd7 27. Rae1 Kf8 28. Bh5 Qc7 29. f5 e5 30. Qh6+ Ke8 31. bxa5 bxa5 32. Rb1 Bc6 33. Rb2 Rd6 34. Qh7 Kf8 35. Rb8+ 1-0

[Event "Villagarcia de Arosa op"]
[Site "Villagarcia de Arosa"]
[Date "2005.08.04"]
[Round "4"]
[White "Campos Calvo, Sotelo Javier"]
[Black "Danilov, Vladimir"]
[Result "1-0"]
[WhiteElo "2117"]
[BlackElo "2363"]
[PlyCount "88"]
[EventDate "2005.08.01"]
[EventType "swiss"]
[EventRounds "9"]
[EventCountry "ESP"]
[SourceTitle "CBM 107 Extra"]
[Source "ChessBase"]
[SourceDate "2005.09.01"]
[SourceVersion "1"]
[SourceVersionDate "2005.09.01"]
[SourceQuality "1"]

1. d4 d5 2. Nf3 c6 3. g3 Bf5 4. Bg2 h6 5. 0-0 Nf6 6. c4 e6 7. Nc3 Nbd7 8. b3 Be7 9. Bb2 0-0 10. Nd2 Rc8 11. e4 Nxe4 12. Ndxe4 dxe4 13. Nxe4 Nf6 14. Qe2 Nxe4 15. Bxe4 Bxe4 16. Qxe4 Bf6 17. Rfd1 Rc7 18. Rd3 Rd7 19. Rad1 Qa5 20. a3 Rfd8 21. b4 Qa6 22. Rc1 b5 23. cxb5 cxb5 24. Rc5 Qb7 25. Qxb7 Rxb7 26. Rc6 Rd5 27. f4 Rbd7 28. Rc8+ Kh7 29. Kf2 g5 30. fxg5 hxg5 31. Rc5 Kg6 32. g4 Bd8 33. Rxd5 Rxd5 34. Re3 Bb6 35. Re4 Bc7 36. h3 Bb6 37. Ke3 e5 38. Kd3 exd4 39. Re8 f6 40. Re7 Rd8 41. Re4 Rh8 42. Bxd4 Rxh3+ 43. Kd2 Bxd4 44. Rxd4 Rxa3 1-0

[Event "Pedrido op"]
[Site "Pedrido"]
[Date "2004.08.08"]
[Round "6"]
[White "Campos Calvo, Sotelo Javier"]
[Black "Bouza Brey Teijeiro, Gonzalo"]
[Result "1-0"]
[WhiteElo "2097"]
[BlackElo "2011"]
[PlyCount "111"]
[EventDate "2004.08.??"]
[EventType "swiss"]
[EventRounds "9"]
[EventCountry "ESP"]
[SourceTitle "EXT 2005"]
[Source "ChessBase"]
[SourceDate "2004.11.15"]
[SourceVersion "1"]
[SourceVersionDate "2004.11.15"]
[SourceQuality "1"]

1. a3 d5 2. Nf3 c6 3. d4 Nf6 4. e3 e6 5. c4 Nbd7 6. Nc3 Be7 7. Qc2 0-0 8. Bd3 dxc4 9. Bxc4 b5 10. Ba2 a6 11. b4 Bb7 12. 0-0 a5 13. Rb1 axb4 14. axb4 Qb6 15. Bd2 Nd5 16. Ne4 N7f6 17. Nc5 Bxc5 18. dxc5 Qa7 19. Ra1 Qa4 20. Qb2 Qa3 21. Qxa3 Rxa3 22. Bxd5 Rxa1 23. Rxa1 Nxd5 24. Ra7 Rb8 25. Kf1 f6 26. e4 Ne7 27. Bf4 e5 28. Nxe5 Nc8 29. Nd7 Nxa7 30. Bxb8 Nc8 31. e5 Kf7 32. exf6 gxf6 33. Bf4 Ne7 34. Nb6 Ke6 35. Ke2 Nd5 36. Nxd5 Kxd5 37. Kf3 Bc8 38. g4 Ke6 39. Ke4 Kf7 40. f3 Kg6 41. h4 Be6 42. h5+ Kg7 43. Bd6 Bd5+ 44. Kf4 Be6 45. Be7 Kf7 46. Bd8 Kg7 47. h6+ Kg6 48. Be7 Bd5 49. Kg3 Kf7 50. Bd8 Kg6 51. f4 Be4 52. f5+ Kg5 53. Be7 Bc2 54. Bd6 Kxh6 55. Kf4 Bd1 56. Bf8# 1-0

[Event "Pedrido op"]
[Site "Pedrido"]
[Date "2003.??.??"]
[Round "7"]
[White "Campos Calvo, Sotelo Javier"]
[Black "Bjerring, Kai"]
[Result "0-1"]
[WhiteElo "2133"]
[BlackElo "2284"]
[PlyCount "54"]
[EventDate "2003.??.??"]
[EventType "swiss"]
[EventRounds "9"]
[EventCountry "ESP"]
[SourceTitle "EXT 2005"]
[Source "ChessBase"]
[SourceDate "2004.11.15"]
[SourceVersion "1"]
[SourceVersionDate "2004.11.15"]
[SourceQuality "1"]

1. d4 Nf6 2. g3 d5 3. c4 dxc4 4. Bg2 e6 5. Nf3 Nbd7 6. Qa4 a6 7. Qxc4 b5 8. Qc6 Ra7 9. 0-0 Bb7 10. Qc2 c5 11. dxc5 Bxc5 12. Bf4 0-0 13. Nc3 Qa8 14. Rad1 Rc8 15. a3 e5 16. Bg5 h6 17. Bxf6 Nxf6 18. Bh3 e4 19. Ne5 Rc7 20. Qd2 Re7 21. Qd8+ Re8 22. Qc7 Be7 23. Nd7 Bc8 24. Nb6 Rxc7 25. Nxa8 Rxc3 26. bxc3 Bxh3 27. Nc7 Rc8 0-1

[Event "Vila de Padron op 1st"]
[Site "Vila de Padron"]
[Date "2000.08.31"]
[Round "8"]
[White "Campos Calvo, Sotelo Javier"]
[Black "Cubero Ferreiro, Rodrigo"]
[Result "1-0"]
[WhiteElo "2222"]
[BlackElo "2126"]
[PlyCount "83"]
[EventDate "2000.08.24"]
[EventType "swiss"]
[EventRounds "9"]
[EventCountry "ESP"]
[SourceTitle "EXT 2001"]
[Source "ChessBase"]
[SourceDate "2000.11.22"]
[SourceVersion "1"]
[SourceVersionDate "2000.11.22"]
[SourceQuality "1"]

1. d4 c5 2. d5 Nf6 3. Nc3 g6 4. g3 d6 5. Bg2 Bg7 6. e4 Na6 7. Nge2 Bd7 8. 0-0 0-0 9. a4 Nc7 10. b3 b6 11. Bb2 a6 12. Qd2 Qc8 13. Rfe1 b5 14. e5 Ng4 15. f4 dxe5 16. Ne4 Rd8 17. Nxc5 Bc6 18. c4 Ne6 19. Nd3 bxc4 20. bxc4 Rb8 21. fxe5 Ba8 22. Rac1 Nc5 23. Nxc5 Rxb2 24. Qxb2 Bxe5 25. Qb6 Rd6 26. Qb4 Rf6 27. Ne4 Qf5 28. Nxf6+ Qxf6 29. Rf1 Qg5 30. Rf3 Bd4+ 31. Kh1 Nxh2 32. Kxh2 Qh5+ 33. Bh3 Qxf3 34. Nxd4 Qf2+ 35. Bg2 Qxd4 36. Qb8+ Kg7 37. Qxa8 Qd2 38. Rg1 g5 39. Qb8 h5 40. Qe5+ f6 41. Qxe7+ Kg6 42. Rf1 1-0

[Event "Vila de Padron op 1st"]
[Site "Vila de Padron"]
[Date "2000.08.28"]
[Round "5"]
[White "Piay Augusto, Diego"]
[Black "Campos Calvo, Sotelo Javier"]
[Result "1-0"]
[WhiteElo "2240"]
[BlackElo "2222"]
[PlyCount "90"]
[EventDate "2000.08.24"]
[EventType "swiss"]
[EventRounds "9"]
[EventCountry "ESP"]
[SourceTitle "EXT 2001"]
[Source "ChessBase"]
[SourceDate "2000.11.22"]
[SourceVersion "1"]
[SourceVersionDate "2000.11.22"]
[SourceQuality "1"]

1. e4 c6 2. d4 d5 3. f3 e6 4. Nc3 Bb4 5. e5 c5 6. a3 Bxc3+ 7. bxc3 Nc6 8. f4 Nge7 9. Nf3 Nf5 10. Be2 0-0 11. 0-0 f6 12. g4 Nfe7 13. Qe1 f5 14. h3 Bd7 15. dxc5 Qa5 16. Be3 Rac8 17. Bd3 Nb8 18. Qh4 Nbc6 19. Qe1 Nb8 20. Nd4 Na6 21. Nb3 Qc7 22. Qe2 Nb8 23. a4 Nbc6 24. Nd4 b6 25. Nb5 Qd8 26. cxb6 axb6 27. Nd6 Rb8 28. Rab1 Na5 29. Qf2 Nc8 30. Nxc8 Qxc8 31. gxf5 exf5 32. Qg2 Bc6 33. Bd4 Nc4 34. Kh2 Qe6 35. Rg1 g6 36. Rb4 Ra8 37. Rgb1 Rfb8 38. Ra1 b5 39. axb5 Rxa1 40. bxc6 Rxb4 41. cxb4 Rd1 42. Qg5 Rd2+ 43. Kg3 Qxc6 44. Qd8+ Kf7 45. Bc5 Qe8 1-0

[Event "Pedrido Memorial"]
[Site "Vilagarcia de Arousa"]
[Date "2000.??.??"]
[Round "6"]
[White "Campos Calvo, Sotelo Javier"]
[Black "Espineira Gonzalez, Diego Adrian"]
[Result "0-1"]
[WhiteElo "1970"]
[BlackElo "2160"]
[PlyCount "66"]
[EventDate "2000.??.??"]
[EventType "swiss"]
[EventRounds "9"]
[EventCountry "ESP"]
[SourceTitle "EXT 2006"]
[Source "ChessBase"]
[SourceDate "2005.11.24"]
[SourceVersion "1"]
[SourceVersionDate "2005.11.24"]
[SourceQuality "1"]

1. d4 Nf6 2. g3 g6 3. Bg2 Bg7 4. e4 d6 5. Ne2 0-0 6. 0-0 Nbd7 7. Nbc3 e5 8. h3 exd4 9. Nxd4 Re8 10. Re1 c6 11. a4 a5 12. Bf4 Ne5 13. b3 Qc7 14. Qd2 Bd7 15. Rad1 Rad8 16. Bh6 Bxh6 17. Qxh6 Bc8 18. Qg5 Kg7 19. f4 h6 20. Qh4 Ned7 21. g4 Qb6 22. Kh1 Nh7 23. e5 dxe5 24. fxe5 Nxe5 25. Rxe5 Rxe5 26. Ne6+ Bxe6 27. Qxd8 Qxd8 28. Rxd8 Re1+ 29. Kh2 Rc1 30. Be4 Bxb3 31. Kg3 Nf6 32. Bd3 Bxc2 33. Ne2 Rd1 0-1